Normal view MARC view

Entry Topical Term

Number of records used in: 1

001 - CONTROL NUMBER

  • control field: 198697

003 - CONTROL NUMBER IDENTIFIER

  • control field: OSt

005 - DATE AND TIME OF LATEST TRANSACTION

  • control field: 20250210122553.0

008 - FIXED-LENGTH DATA ELEMENTS

  • fixed length control field: 250210|| aca||aabn | a|a d

040 ## - CATALOGING SOURCE

  • Original cataloging agency: OSt
  • Transcribing agency: OSt

150 ## - HEADING--TOPICAL TERM

  • Topical term or geographic name entry element: Personal Health and safety
  • Form subdivision: Dietetics

670 ## - SOURCE DATA FOUND

  • Source citation: Work cat.: (OSt): Aditya Agarwal 198696, Handbook of nutraceuticals, 2024